00578 2200241 4500001002100000008004100021035001900062245008200081100001000163110001000173250000500183260003000188300002600218020001900244022001800263024000500281084001300286520000500299082000700304650000500311863000500316990001500321INLIS000000000000007 Ind $a 0010-1222000006$a CINTA BERTABUR DI LANGIT MEKAH : $b CINTA BERTABUR DI LANGIT MEKAH / $c ROIDAH$a ROIDAH$a ROIDAH$a I$a Jakarta $b ESENSI $c 2009 $a 68 hlm. ; $c 17x25 cm.$a 978-222-666-444$a 856-225-456-78$a -$a 800 ROI c$a -$a 800$a -$a 1$a 1476/p/2018